Statistics for What Words Can You Make: Florida

Click here to take the quiz!

General Stats

  • This quiz has been taken 12 times
    (3 since last reset)
  • The average score is 39 of 88

Answer Stats

LettersAnswer% Correct
3Aid
100%
3Ail
100%
3Air
100%
3For
100%
4Ford
100%
3Lad
100%
4Lair
100%
3Lar
100%
4Lard
100%
3Lid
100%
3Lor
100%
4Lord
100%
3Oaf
100%
3Oar
100%
3Oil
100%
3Rad
100%
3Rai
100%
4Rail
100%
3Rid
100%
3Rod
100%
3Dal
67%
4Dial
67%
3Dif
67%
3Dol
67%
3Dor
67%
3Fad
67%
4Fair
67%
3Far
67%
4Fard
67%
3Fid
67%
5Fiord
67%
5Flair
67%
5Flora
67%
5Frail
67%
3Fro
67%
4Loaf
67%
3Old
67%
3Arf
33%
4Arid
33%
4Diol
33%
5Drail
33%
4Fail
33%
4Farl
33%
3Fil
33%
6Florid
33%
4Foal
33%
4Foil
33%
4Fold
33%
4Fora
33%
4Laid
33%
4Lari
33%
4Liar
33%
4Lira
33%
4Load
33%
3Ora
33%
4Raid
33%
3Ria
33%
4Rial
33%
3Rif
33%
4Road
33%
4Roil
33%
3Ado
0%
4Afro
0%
4Alif
0%
4Aril
0%
5Aroid
0%
4Dirl
0%
4Fado
0%
4Faro
0%
4Fido
0%
4Fila
0%
5Filar
0%
4Filo
0%
4Flir
0%
5Folia
0%
6Foliar
0%
3Fur
0%
4Idol
0%
5Laird
0%
5Liard
0%
5Lidar
0%
4Lido
0%
4Loid
0%
3Oda
0%
4Orad
0%
4Oral
0%
5Radio
0%
4Rolf
0%

Score Distribution

Percentile by Number Answered

Percent of People with Each Score

Your Score History

You have not taken this quiz since the last reset